000 00653cam a22002293a 4500
001 5769
003 PGUSA
005 20140828083124.0
008 040624s2004||||xxu|||||s|||||000 1 eng d
040 _aPGUSA
_beng
042 _adc
050 4 _aPS
100 1 _aJohnson, E. Pauline,
_d1861-1913
245 1 4 _aThe Shagganappi
_h[electronic resource] /
_cE. Pauline Johnson
260 _bProject Gutenberg,
_c2004
506 _aPublic domain in the USA.
516 _aElectronic text
653 _aIndians of North America -- Canada -- Fiction
830 0 _aProject Gutenberg
_v5769
856 4 0 _uhttp://www.gutenberg.org/ebooks/5769
942 _cEB
999 _c235097
_d235097